| Tag |
First Indicator |
Second Indicator |
Subfields |
| LEADER |
00000pam a22000004a 4500 |
| 001 |
in00001663156 |
| 005 |
20151023125459.0 |
| 008 |
010629s2001 nyu b 001 0 eng |
| 010 |
|
|
|a 2001045309
|
| 020 |
|
|
|a 0471200336 (cloth : alk. paper)
|
| 035 |
|
|
|a (OCoLC)ocm47255372
|
| 040 |
|
|
|a DLC
|c DLC
|d TXA
|d UtOrBLW
|
| 042 |
|
|
|a pcc
|
| 049 |
|
|
|a TXAM
|
| 050 |
0 |
0 |
|a HD58.9
|b .B73 2002
|
| 082 |
0 |
0 |
|a 658.4/06
|2 21
|
| 100 |
1 |
|
|a Brache, Alan P.,
|d 1950-
|
| 245 |
1 |
0 |
|a How organizations work :
|b taking a holistic approach to enterprise health /
|c Alan Brache.
|
| 264 |
|
1 |
|a New York :
|b Wiley,
|c 2002.
|
| 300 |
|
|
|a vii, 232 pages ;
|c 24 cm.
|
| 336 |
|
|
|a text
|b txt
|2 rdacontent
|
| 337 |
|
|
|a unmediated
|b n
|2 rdamedia
|
| 338 |
|
|
|a volume
|b nc
|2 rdacarrier
|
| 504 |
|
|
|a Includes bibliographical references and index.
|
| 650 |
|
0 |
|a Organizational effectiveness.
|
| 650 |
|
0 |
|a Organizational change.
|
| 650 |
|
0 |
|a Management.
|
| 856 |
4 |
|
|3 Table of Contents
|u http://www.loc.gov/catdir/toc/onix07/2001045309.html
|t 0
|
| 994 |
|
|
|a E0
|b TXA
|
| 948 |
|
|
|a cataloged
|b h
|c 2002/2/20
|d c
|e bwalker
|f 1:55:24 pm
|
| 999 |
|
|
|a MARS
|
| 999 |
f |
f |
|s c0daf6f7-79f5-3ea4-928b-3e5d8241277e
|i b65d24dc-7cd9-3b1b-a0af-2118aa783f57
|t 0
|
| 952 |
f |
f |
|p ric
|a Texas A&M University
|b Rellis Campus
|c Joint Library Facility
|d Remote Storage
|t 0
|e HD58.9 .B73 2002
|h Library of Congress classification
|i unmediated -- volume
|m A14828468538
|
| 998 |
f |
f |
|a HD58.9 .B73 2002
|t 0
|l Remote Storage
|